000 01155nam a2200229Ia 4500
001 L230-5599
003 IT-CnALBA
008 170116s9999||||xx |||||||||||||| ||und||
040 _aIT-CnALBA
_cIT-CnALBA
041 _aITALIANO
100 _aGRASSO DOMENICO, SJ.
245 0 _aTEOLOGIA DOGMATICA.
250 _a1a ed.
260 _a ROMA
_bCENTRO UT UNUM SINT
_c1969 [1° Ed.:1969 - Ed.Ling.Originale: 1969]
300 _a222 p.
500 _aALTRI AUTORI: MARRANZINI ALFREDO. DE ROSA GIUSEPPE. BENI ARIALDO. COMUNITÀ TRINITARIA. UOMO NUOVO IN CRISTO. UOMO NUOVO DALLA BIBBIA AL DOGMA. SINTESI TEOLOGICA DELL'UOMO NUOVO. MARIA TIPO DELLA CHIESA. COMPIMENTO DELLA STORIA DELLA SALVEZZA.
501 _aSocietà San Paolo EM - Piazza San Paolo, 14 - 12051 ALBA (CN) (non commercial uses only) ® Copyright 2017
520 _aALTRI AUTORI: MARRANZINI ALFREDO. DE ROSA GIUSEPPE. BENI ARIALDO. COMUNITÀ TRINITARIA. UOMO NUOVO IN CRISTO. UOMO NUOVO DALLA BIBBIA AL DOGMA. SINTESI TEOLOGICA DELL'UOMO NUOVO. MARIA TIPO DELLA CHIESA. COMPIMENTO DELLA STORIA DELLA SALVEZZA.
650 _aDOGMATICA CRISTIANA
942 _cBK
957 _71
999 _a6578
_bNO
_g Copie: 1
_c264785
_d264785